Renewables information 2002 with 2000 data

Salvato in:
Dettagli Bibliografici
Ente Autore: OECD. International Energy Agency
Natura: Libro
Lingua:inglese
Pubblicazione: Paris OECD/IEA 2002
Serie:IEA statistics
Soggetti:
Tags: Aggiungi Tag
Nessun Tag, puoi essere il primo ad aggiungerne!!

MARC

LEADER 00000nam a2200000 4500
001 c142849
005 20221124092758.5
020 |a 92-64-09952-2 
041 0 |a eng 
044 |a FR 
245 1 0 |a Renewables information 2002  |b with 2000 data 
264 1 |a Paris  |b OECD/IEA  |c 2002 
300 |a 166 s. 
490 1 |a IEA statistics 
830 0 |a IEA statistics 
610 2 0 |a údaje štatistické 
610 2 0 |a energetika 
610 2 0 |a energia 
610 2 0 |a zdroje energetické 
610 2 0 |a produkcia 
610 2 0 |a spotreba 
610 2 0 |a porovnanie medzinárodné 
710 2 |a OECD. International Energy Agency